000 01058cam a2200253 i 4500
003 SA-RiAUC
005 20250204064446.0
008 250202s1987 su g 00000 ara c
040 _aSA-RiKSU
_bara
_cSA-RiAUC
_erda
082 0 4 _a259
090 _a259
_b ر ب ي
100 1 _aالربيعة، عبد العزيز بن عبد الرحمن بن علي،
_d1361 هجري-
_eمؤلف.
245 1 2 _aالمفتي في الشريعة الإسلامية وتطبيقاته في هذا العصر /
_cتأليف عبد العزيز بن عبد الرحمن بن علي الربيعة.
250 _aالطبعة الأولى.
264 1 _aجدة، السعودية :
_bدار المطبوعات الحديثة،
_c1987
300 _a74 صفحة ؛
_c24 سم
336 _aنص
_btxt
_2rdacontent
_3كتاب
337 _aبدون وسيط
_bn
_2rdamedia
338 _aمجلد
_bnc
_2rdacarrier
650 7 _aالإفتاء
_2aucsh
650 7 _aالشريعة الإسلامية
_2aucsh
942 _2ddc
_cBOOK
_n0
949 _aSA-JeALM
_d250202
_uosman123
_n1
999 _c5543
_d5543